|
|
|
|
| LEADER |
00720cam a2200217 7i4500 |
| 001 |
0000051346 |
| 005 |
20180129090000.0 |
| 008 |
180115 eng |
| 020 |
|
|
|a 9780071289283
|
| 020 |
|
|
|a 0071289283
|
| 090 |
0 |
0 |
|a HF5438.25
|b .F88 2011
|
| 100 |
1 |
|
|a Futrell, Charles M
|
| 245 |
1 |
0 |
|a ABC's of relationship selling through service
|c Charles M. Futrell.
|
| 250 |
|
|
|a 11th ed.
|
| 260 |
|
|
|a New York:
|b McGraw-Hill,
|c 2011.
|
| 300 |
|
|
|a xxxii, 538 p.;
|c 26 cm.
|
| 500 |
|
|
|a Gift: Faculty of Business & Accountancy
|
| 504 |
|
|
|a Includes bibliographical references and index
|
| 650 |
0 |
0 |
|a Selling
|
| 997 |
|
|
|a Business & Accountancy, Faculty
|
| 999 |
|
|
|a 0000059749
|b BOK
|c OPEN SHELF
|e 1st Floor, Shah Alam
|